| LEADER 00000nam 2200000uu 4500 |
| 001 13399108578 |
| 003 ULIB |
| 008 110217s2552||||th 000 0 tha d |
| 020 ^a974-645-757-8
|
| 050 4 ^aBF637.C5^bส747ท 2552
|
| 110 2 ^aมหาวิทยาลัยสุโขทัยธรรมาธิราช.^bสาขาวิชาศิลปศาสตร์
|
| 245 10 ^aเอกสารการสอนชุดวิชาทักษะชีวิต =^bLife skills /^cมหาวิทยาลัยสุโขทัยธรรมาธิราช สาขาวิชาศิลปศาสตร์
|
| 246 30 ^aทักษะชีวิต
|
| 250 ^aพิมพ์ครั้งที่ 2
|
| 260 ^a[นนทบุรี] :^bสาขาวิชา,^c2552
|
| 300 ^a2 เล่ม
|
| 505 0 ^aเล่ม 1 หน่วยที่ 1 - 7 - - เล่ม 2 หน่วยที่ 8-15
|
| 520 ^aหนังสือเล่มนี้เสนอเนื้อหาความหมาย ความสำคัญ องค์ประกอบของทักษะในการดำเนินชีวิต เนื้อหาประกอบด้วยเรื่อง ทักษะชีวิตกับการดำรงตนในสังคม การคิด การวิเคราะห์ การอ้างเหตุผล การใช้เทคโนโลยีอย่างเหมาะสม การแสวงหาความรู้ เทคโนโลยีสารสนเทศเพื่อการพัฒนาความรู้ การเข้าใจตนเอง การจัดการอารมณ์และความเครียด การใช้ภาษาเพื่อการสื่อสาร ชีวิตการทำงาน บุคลิกภาพและมารยาทสังคม การบริหารตนเอง การเจรจาต่อรองในชีวิตประจำวัน ความคิดสร้างสรรค์ ชีวิตครอบครัว และคุณธรรมและจริยธรรมในการดำเนินชีวิต
|
| 650 7 ^aทักษะชีวิต
|
| 650 7 ^aการดำเนินชีวิต
|
| 700 0 ^a
|
| 710 2 ^aมหาวิทยาลัยสุโขทัยธรรมาธิราช.^bสาขาวิชาศิลปศาสตร์
|
| 999 ^aสุณิสา
|